| 000 | 00916nam a2200229Ii 4500 | ||
|---|---|---|---|
| 003 | JO-AjNU | ||
| 008 | 230605s9999||||xx |||||||||||||| ||und|| | ||
| 017 | _a2007/2/420 | ||
| 020 | _a9957-16-317-4 | ||
| 040 |
_aJO-AjNU _bara _erda _cJO-AjNU |
||
| 041 | _aara | ||
| 050 | 1 | 4 | _aK7340.K56.2012 |
| 100 | 3 |
_a الكيلاني، محمود , _eauthor _946050 |
|
| 245 | 0 | 0 | _aالموسوعة التجارية والمصرفية : عقود التأمين من الناحية القانونية، المجلد السادس |
| 250 | _aط3 | ||
| 264 | 3 | 1 | _aعمان : دار الثقافة ، 2012 |
| 300 |
_aمج6، 351ص _bيشتمل على ملاحق ص ( 343 ) ويشتمل على مراجع ص ( 347 - 351 ) |
||
| 336 |
_atext _btxt _2rdacontent |
||
| 337 |
_aunmediated _bn _2rdamedia |
||
| 338 |
_avolume _bnc _2rdacarrier |
||
| 650 | 4 |
_aالتأمين -- البنوك -- القانون التجاري _946051 |
|
| 999 |
_aA20006 _c23574 _d23574 |
||